MARC details
| 000 -LÍDER |
| campo de controle de tamanho fixo |
01584nam a2200349 4500 |
| 001 - NÚMERO DE CONTROLE |
| campo de controle |
171 |
| 003 - IDENTIFICADOR DO NÚMERO DE CONTROLE |
| campo de controle |
OSt |
| 005 - DATA E HORÁRIO DA ÚLTIMA TRANSAÇÃO |
| campo de controle |
20250528074013.0 |
| 008 - CAMPO DE DADOS FIXOS--INFORMAÇÃO GERAL |
| campo de controle de tamanho fixo |
250130b |||||||g |||| 00| 1 eng d |
| 020 ## - ISBN - INTERNATIONAL STANDARD BOOK NUMBER |
| ISBN - International Standard Book Number |
9788501061140 |
| 040 ## - FONTE DA CATALOGAÇÃO |
| Idioma da catalogação |
por |
| 041 ## - CÓDIGO DE IDIOMA |
| Código do idioma do original e/ou traduções intermediárias do texto |
eng |
| Código do idioma do texto/trilha sonora ou título diferente |
por |
| 082 ## - CDD - CLASSIFICAÇÃO DECIMAL DE DEWEY |
| Número de Classificação |
823 |
| Número do exemplar |
C821r |
| 100 1# - ENTRADA PRINCIPAL--NOME PESSOAL |
| Nome pessoal |
Cornwell, Bernard, |
| Datas associadas ao nome |
1944- |
| 9 (RLIN) |
324 |
| 240 ## - TÍTULO UNIFORME |
| Título uniforme |
The Winter King |
| 245 ## - TÍTULO |
| Título |
O rei do Inverno / |
| Indicação de responsabilidade, etc. |
Cornwell, Bernard ; Tradução de Alves Calado |
| 250 ## - EDIÇÃO |
| Declaração de edição |
25° edição |
| 260 ## - PUBLICAÇÃO, DISTRIBUIÇÃO, ETC. |
| Local de publicação, distribuição, etc. |
Rio de Janeiro |
| Nome do editor, distribuidor, etc. |
Record |
| Data da publicação, distribuição, etc. |
2014 |
| 300 ## - DESCRIÇÃO FÍSICA |
| Extensão |
546 p. |
| 490 1# - TÍTULO DA SÉRIE |
| Título da série |
As crônicas de Artur |
| Número do volume ou designação sequencial da série |
vol. 01 |
| 520 ## - NOTA DE RESUMO, ETC. |
| Resumo, etc. |
O Rei do Inverno conta a mais fiel história de Artur, sem os exageros míticos de outras publicações. A partir de fatos, este romance genial retrata o maior de todos os heróis como um poderoso guerreiro britânico, que luta contra os saxões para manter unida a Britânia, no século V, após a saída dos romanos. "O livro traz religião, política, traição, tudo o que mais me interessa," explica Cornwell, que usa a voz ficcional do soldado raso Derfel para ilustrar a vida de Artur. O valoroso soldado cresce dentro do exército do rei e dentro da narrativa de Corwell até se tornar o melhor amigo e conselheiro de Artur na paz e na guerra.<br/> |
| 650 #0 - ASSUNTO--TERMO TÓPICO |
| Cabeçalho tópico ou nome geográfico |
Literatura Inglesa |
| 9 (RLIN) |
89 |
| 650 #0 - ASSUNTO--TERMO TÓPICO |
| Cabeçalho tópico ou nome geográfico |
Mitologia |
| 9 (RLIN) |
128 |
| 650 #0 - ASSUNTO--TERMO TÓPICO |
| Cabeçalho tópico ou nome geográfico |
Fantasia |
| 9 (RLIN) |
45 |
| 650 #0 - ASSUNTO--TERMO TÓPICO |
| Cabeçalho tópico ou nome geográfico |
Aventura |
| 9 (RLIN) |
47 |
| 650 #0 - ASSUNTO--TERMO TÓPICO |
| Cabeçalho tópico ou nome geográfico |
História |
| 9 (RLIN) |
116 |
| 655 #0 - TERMO DE ÍNDICE--GÊNERO E FORMA |
| Gênero/forma/ou termo foco |
Romance |
| 655 #0 - TERMO DE ÍNDICE--GÊNERO E FORMA |
| Gênero/forma/ou termo foco |
Ficção |
| 700 ## - ENTRADA ADICIONADA - NOME PESSOAL |
| Nome pessoal |
Alves Calado |
| Função do autor por extenso |
Tradutor |
| 9 (RLIN) |
325 |
| 830 ## - ENTRADA SECUNDÁRIA DE SÉRIE--TÍTULO UNIFORME |
| Título uniforme |
As crônicas de Artur |
| Número do volume ou designação sequencial da série |
vol. 01 |
| 9 (RLIN) |
326 |
| 942 ## - ELEMENTOS DE ENTRADA ADICIONADOS (KOHA) |
| Fonte de classificação ou esquema de arquivamento |
Classificação decimal de Dewey |
| Ocultar no OPAC |
Não |
| Tipo de material Koha |
Livros |